000 01292cam a22003497a 4500
003 CHAP
005 20220329142000.0
008 981106d1998 mx r 00110 spa d
010 _a76628
011 _a77600
035 _a87209
040 _cCHAP
090 _aTesis
100 0 0 _aContreras Hernández, Omar.
_927495
245 1 0 _aDiagnóstico biológico y químico del estado de la fertilidad del suelo de la tabla agrícola San Juan del Campo Agrícola Experimental de la UACH
_c/Por Omar Contreras Hernández y Celín Pérez Avendaño
260 _aChapingo, Méx. :
_bEl autor,
_c1998.
300 _a94 h.
502 _aTesis (Ing. Agr. Esp. en Suelos) --UACH. Departamento de Suelos
590 _aALEPH
_b10
_c20130110
_lUCH01
_h1426
590 _aBATCH-UPD
_b10
_c20130110
_lUCH01
_h0511
590 _aBATCH-UPD
_b10
_c20130410
_lUCH01
_h0149
590 _aBATCH-UPD
_b10
_c20130914
_lUCH01
_h1038
590 _aCONVERSION
_b10
_c20130109
_lUCH01
_h1342
650 1 4 _aSuelos
_xFertilidad.
_9110367
650 1 4 _aSuelos
_zMéxico (Edo.).
_9110525
700 0 _aPérez Avendaño, Celín.
_989522
901 _aBK
905 _aAraceli Hernández G.
942 _cFOLL
949 _bBC
_cTES
_d33724000705992
_eTS2
_fc.2
_h33145
_i87209
_si
949 _bBC
_cTES
_d872091
_eTS1
_h33144
_i87209
_sb
999 _c76628
_d76628